<?xml version="1.0" encoding="UTF-8"?>
<record
    xmlns:xsi="http://www.w3.org/2001/XMLSchema-instance"
    xsi:schemaLocation="http://www.loc.gov/MARC21/slim http://www.loc.gov/standards/marcxml/schema/MARC21slim.xsd"
    xmlns="http://www.loc.gov/MARC21/slim">

  <leader>04148nam a2200421 a 4500</leader>
  <controlfield tag="001">000001765</controlfield>
  <controlfield tag="003">DO-SdBNP</controlfield>
  <controlfield tag="005">20260321073637.0</controlfield>
  <controlfield tag="007">ta</controlfield>
  <controlfield tag="008">090626s2002    dr            000 0dspa d</controlfield>
  <datafield tag="020" ind1=" " ind2=" ">
    <subfield code="a">9993486604</subfield>
  </datafield>
  <datafield tag="040" ind1=" " ind2=" ">
    <subfield code="a">DO-SdBNP</subfield>
    <subfield code="b">spa</subfield>
    <subfield code="c">BNPHU</subfield>
    <subfield code="e">rda</subfield>
  </datafield>
  <datafield tag="082" ind1=" " ind2="4">
    <subfield code="a">RD868.44</subfield>
    <subfield code="b">B742j</subfield>
    <subfield code="2">22</subfield>
  </datafield>
  <datafield tag="245" ind1="0" ind2="0">
    <subfield code="a">Juan Bosch :</subfield>
    <subfield code="b">aproximaciones a una vida ejemplar /</subfield>
    <subfield code="c">compilaci&#xF3;n, Di&#xF3;medes N&#xFA;&#xF1;ez Polanco ; Josefina Pimentel, Gisela Vargas Ortega.</subfield>
  </datafield>
  <datafield tag="246" ind1="1" ind2="0">
    <subfield code="a">Aproximaciones a una vida ejemplar</subfield>
  </datafield>
  <datafield tag="264" ind1=" " ind2="1">
    <subfield code="a">Santo Domingo :</subfield>
    <subfield code="b">Fundaci&#xF3;n Juan Bosch,</subfield>
    <subfield code="c">2002.</subfield>
  </datafield>
  <datafield tag="300" ind1=" " ind2=" ">
    <subfield code="a">337 p&#xE1;ginas ;</subfield>
    <subfield code="c">23 cm.</subfield>
  </datafield>
  <datafield tag="336" ind1=" " ind2=" ">
    <subfield code="2">rdacontent</subfield>
    <subfield code="a">texto</subfield>
    <subfield code="b">txt</subfield>
  </datafield>
  <datafield tag="337" ind1=" " ind2=" ">
    <subfield code="2">rdamedia</subfield>
    <subfield code="a">sin mediaci&#xF3;n</subfield>
    <subfield code="b">n</subfield>
  </datafield>
  <datafield tag="338" ind1=" " ind2=" ">
    <subfield code="2">rdacarrier</subfield>
    <subfield code="a">volumen</subfield>
    <subfield code="b">nc</subfield>
  </datafield>
  <datafield tag="500" ind1=" " ind2=" ">
    <subfield code="a">Incluye &#xED;ndice.</subfield>
  </datafield>
  <datafield tag="500" ind1=" " ind2=" ">
    <subfield code="a">"Ciclo de conferencias y actividades en ocasi&#xF3;n del 92do aniversario de su nacimiento" -- En portada.</subfield>
  </datafield>
  <datafield tag="505" ind1="0" ind2=" ">
    <subfield code="a">I. Juan Bosch, literatura y cultura. -- Juan Bosch, el narrador / Pedro Pompeyo Rosario -- La sensibilidad cultural de Juan Bosch / Bruno Rosario Candelier / Trascendencia cultural de la figura de Juan Bosch / Natacha S&#xE1;nchez -- Juan Bosch: crisis de la ficci&#xF3;n y nuevo orden social / Rafael Garc&#xED;a Romero -- Juan Bosch, maestro de la literatura / Minou Tav&#xE1;rez Mirabal -- Juan Bosch: su contribuci&#xF3;n al quehacer cultural / Avelino Stanley -- Puesta en circulaci&#xF3;n de Cuentos m&#xE1;s que completos de Juan Bosch, en Santo Domingo / Carmen Quidiello de Bosch -- Juan Bosch: maestro de la cuent&#xED;stica hispanoamericana / Jos&#xE9; Rafael Lantigua -- Puesta en circulaci&#xF3;n de Cuentos m&#xE1;s que completos de Juan Bosch, en Santiago de los Caballeros / Monse&#xF1;or Agripino N&#xFA;&#xF1;ez Collado, Rafael Emilio Yun&#xE9;n -- El esplendor po&#xE9;tico en los cuentos de Juan Bosch / Manuel Mora Serrano -- Puesta en circulaci&#xF3;n de Cuentos m&#xE1;s completos de Juan Bosch, en San Pedro de Macor&#xED;s / Jos&#xE9; E. Hazim Frappier, Natacha S&#xE1;nchez -- Juan Bosch: precursor del cuento como g&#xE9;nero independiente en Rep&#xFA;blica Dominicana / Rafael Juli&#xE1;n -- Puesta en circulaci&#xF3;n de Cuentos m&#xE1;s que completos de Juan Bosch, en Azua de Compostela. Di&#xE1;logos con los personajes de los cuentos de Juan Bosch / Manuel Matos Moquete.</subfield>
  </datafield>
  <datafield tag="505" ind1="0" ind2=" ">
    <subfield code="a">II. Juan Bosch y los valores &#xE9;ticos. -- La dimensi&#xF3;n social y human&#xED;stica en Juan Bosch / Daniel Beltr&#xE9; L&#xF3;pez -- La dimensi&#xF3;n &#xE9;tica en el pensamiento pol&#xED;tico de Juan Bosch / Alejandrina Germ&#xE1;n -- Valores educativos, culturales y democr&#xE1;ticos en Juan Bosch / Luis de Le&#xF3;n -- El mundo de los valores en Juan Bosch / Lidio Cadet -- Juan Bosch y los valores. Apuntes sobre la concepci&#xF3;n &#xE9;tico-human&#xED;stica en la vida y la obra de Juan Bosch / Justo Pedro Castellanos.</subfield>
  </datafield>
  <datafield tag="505" ind1="0" ind2=" ">
    <subfield code="a">III. Juan Bosch y la democracia. -- El PLD y el pensamiento de Juan Bosch en Cuento de Navidad / Franklin Almeyda Rancier -- Las bases del desarrollo econ&#xF3;mico en el Gobierno de Juan Bosch / F&#xE9;lix Jim&#xE9;nez -- La idea del Estado y la Democracia en el Profesor Juan Bosch / Jaime David Fern&#xE1;ndez Mirabal -- Juan Bosch: ilusi&#xF3;n de una Cuarta Rep&#xFA;blica / Ram&#xF3;n Andr&#xE9;s Blanco Fern&#xE1;ndez -- Trascendencia sociocultural y pol&#xED;tica de la obra de Juan Bosch / Ana Silvia Reynoso de Abud, Di&#xF3;medes N&#xFA;&#xF1;ez Polanco, Juli&#xE1;n Serulle -- Juan Bosch, pedagogo de la democracia / Melanio A. Paredes -- Juan Bosch a sus noventa y dos a&#xF1;os / Leonel Fern&#xE1;ndez Reyna -- Aportes de Juan Bosch al estado democr&#xE1;tico y la vida cultural / C&#xE9;sar Pina Toribio -- Las libertades p&#xFA;blicas en la obra pol&#xED;tica y social de Juan Bosch / Rafael Alburquerque.</subfield>
  </datafield>
  <datafield tag="505" ind1="0" ind2=" ">
    <subfield code="a">Ep&#xED;logo. -- En memoria de Juan Bosch / Di&#xF3;medes N&#xFA;&#xF1;ez Polanco.</subfield>
  </datafield>
  <datafield tag="590" ind1=" " ind2=" ">
    <subfield code="a">Inventariado, 2019/MFF</subfield>
  </datafield>
  <datafield tag="600" ind1="1" ind2="0">
    <subfield code="a"> Bosch, Juan, </subfield>
    <subfield code="d">1909-2001</subfield>
    <subfield code="9">76555</subfield>
  </datafield>
  <datafield tag="650" ind1=" " ind2="4">
    <subfield code="a">Democracia</subfield>
    <subfield code="z">Rep&#xFA;blica Dominicana</subfield>
    <subfield code="x">Historia</subfield>
    <subfield code="9">5743</subfield>
  </datafield>
  <datafield tag="650" ind1=" " ind2="4">
    <subfield code="a">Literatura dominicana.</subfield>
    <subfield code="9">67</subfield>
  </datafield>
  <datafield tag="700" ind1="1" ind2=" ">
    <subfield code="a">N&#xFA;&#xF1;ez Polanco, Di&#xF3;medes </subfield>
    <subfield code="e">compilador </subfield>
    <subfield code="9">87407</subfield>
  </datafield>
  <datafield tag="700" ind1="1" ind2=" ">
    <subfield code="a"> Pimentel,  Josefina</subfield>
    <subfield code="e">complilador</subfield>
    <subfield code="9">5745</subfield>
  </datafield>
  <datafield tag="700" ind1="1" ind2=" ">
    <subfield code="a"> Vargas Ortega, Gisela</subfield>
    <subfield code="e">compilador </subfield>
    <subfield code="9">5746</subfield>
  </datafield>
  <datafield tag="710" ind1="2" ind2=" ">
    <subfield code="a"> Fundaci&#xF3;n Juan Bosch</subfield>
    <subfield code="9">84953</subfield>
  </datafield>
  <datafield tag="910" ind1=" " ind2=" ">
    <subfield code="a">Validado. Control de calidad MMOLINA</subfield>
  </datafield>
  <datafield tag="942" ind1=" " ind2=" ">
    <subfield code="2">ddc</subfield>
    <subfield code="c">LBS1</subfield>
  </datafield>
  <datafield tag="952" ind1=" " ind2=" ">
    <subfield code="0">0</subfield>
    <subfield code="1">0</subfield>
    <subfield code="2">ddc</subfield>
    <subfield code="5">6</subfield>
    <subfield code="7">0</subfield>
    <subfield code="8">DS</subfield>
    <subfield code="a">BNPHU</subfield>
    <subfield code="b">BNPHU</subfield>
    <subfield code="c">HD</subfield>
    <subfield code="d">2009-06-26</subfield>
    <subfield code="l">1</subfield>
    <subfield code="o">BNPHU DS RD868.44 B742j</subfield>
    <subfield code="p">1765-30</subfield>
    <subfield code="r">2025-09-08</subfield>
    <subfield code="s">2025-09-08</subfield>
    <subfield code="t">e. 3</subfield>
    <subfield code="w">2020-06-25</subfield>
    <subfield code="y">LBS1</subfield>
  </datafield>
  <datafield tag="952" ind1=" " ind2=" ">
    <subfield code="0">0</subfield>
    <subfield code="1">0</subfield>
    <subfield code="2">ddc</subfield>
    <subfield code="5">6</subfield>
    <subfield code="7">0</subfield>
    <subfield code="8">DS</subfield>
    <subfield code="a">BNPHU</subfield>
    <subfield code="b">BNPHU</subfield>
    <subfield code="c">HD</subfield>
    <subfield code="d">2009-06-26</subfield>
    <subfield code="i"> </subfield>
    <subfield code="l">0</subfield>
    <subfield code="o">BNPHU DS RD868.44 B742j</subfield>
    <subfield code="p">1765-40</subfield>
    <subfield code="r">2020-06-25</subfield>
    <subfield code="t">e.4</subfield>
    <subfield code="w">2020-06-25</subfield>
    <subfield code="y">LBS1</subfield>
  </datafield>
  <datafield tag="952" ind1=" " ind2=" ">
    <subfield code="0">0</subfield>
    <subfield code="1">0</subfield>
    <subfield code="2">ddc</subfield>
    <subfield code="5">6</subfield>
    <subfield code="7">0</subfield>
    <subfield code="8">DS</subfield>
    <subfield code="a">BNPHU</subfield>
    <subfield code="b">GR</subfield>
    <subfield code="c">HD</subfield>
    <subfield code="d">2009-06-26</subfield>
    <subfield code="l">0</subfield>
    <subfield code="o">BNPHU DS RD868.44 B742j</subfield>
    <subfield code="p">1765-50</subfield>
    <subfield code="r">2020-06-25</subfield>
    <subfield code="t">e. 5</subfield>
    <subfield code="w">2020-06-25</subfield>
    <subfield code="y">LFDS</subfield>
  </datafield>
  <datafield tag="952" ind1=" " ind2=" ">
    <subfield code="0">0</subfield>
    <subfield code="1">0</subfield>
    <subfield code="2">ddc</subfield>
    <subfield code="5">1</subfield>
    <subfield code="7">0</subfield>
    <subfield code="8">PD</subfield>
    <subfield code="a">BNPHU</subfield>
    <subfield code="b">BNPHU</subfield>
    <subfield code="c">HD</subfield>
    <subfield code="d">2009-06-26</subfield>
    <subfield code="l">0</subfield>
    <subfield code="o">BNPHU PD RD868.44 B742j</subfield>
    <subfield code="p">1765-10</subfield>
    <subfield code="r">2020-06-25</subfield>
    <subfield code="w">2020-06-25</subfield>
    <subfield code="y">LBS1</subfield>
  </datafield>
  <datafield tag="952" ind1=" " ind2=" ">
    <subfield code="0">0</subfield>
    <subfield code="1">0</subfield>
    <subfield code="2">ddc</subfield>
    <subfield code="5">1</subfield>
    <subfield code="7">0</subfield>
    <subfield code="8">PD</subfield>
    <subfield code="a">BNPHU</subfield>
    <subfield code="b">BNPHU</subfield>
    <subfield code="c">HD</subfield>
    <subfield code="d">2009-06-26</subfield>
    <subfield code="l">0</subfield>
    <subfield code="o">BNPHU PD RD868.44 B742j</subfield>
    <subfield code="p">1765-20</subfield>
    <subfield code="r">2020-06-25</subfield>
    <subfield code="t">e.2</subfield>
    <subfield code="w">2020-06-25</subfield>
    <subfield code="y">LBS1</subfield>
  </datafield>
  <datafield tag="956" ind1=" " ind2=" ">
    <subfield code="a">VMateo</subfield>
  </datafield>
  <datafield tag="999" ind1=" " ind2=" ">
    <subfield code="c">1642</subfield>
    <subfield code="d">1642</subfield>
  </datafield>
</record>
